Antropología y antropólogos (Registro nro. 87751)

Detalles MARC
000 -LEADER
campo de control de longitud fija 00751nam a2200217 i 4500
001 - NÚMERO DE CONTROL
campo de control 87751
003 - IDENTIFICADOR DE NÚMERO DE CONTROL
campo de control ES-MaACL
005 - FECHA Y HORA DE LA ÚLTIMA TRANSACCIÓN
campo de control 20251009170800.0
007 - CAMPO FIJO DE DESCRIPCIÓN FÍSICA--INFORMACIÓN GENERAL
campo de control de longitud fija t|
008 - DATOS DE LONGITUD FIJA--INFORMACIÓN GENERAL
campo de control de longitud fija 041223s1973 sp ||||1| spa d
100 1# - ENTRADA PRINCIPAL--NOMBRE DE PERSONA
Nombre de persona Kuper, Adam.
9 (RLIN) 69045
245 10 - MENCIÓN DEL TÍTULO
Título Antropología y antropólogos
Resto del título : la escuela británica, 1922-1972 /
Mención de responsabilidad, etc. Adam Kuper ; [traducción Antonio Desmonts ; revisión, José R. Llobera].
260 ## - PUBLICACIÓN, DISTRIBUCIÓN, ETC.
Lugar de publicación, distribución, etc. Barcelona :
Nombre del editor, distribuidor, etc. Anagrama,
Fecha de publicación, distribución, etc. [1973]
300 ## - DESCRIPCIÓN FÍSICA
Extensión 281 p. ;
Dimensiones 24 cm.
490 1# - MENCIÓN DE SERIE
Mención de serie Biblioteca Anagrama de antropología
700 1# - ENTRADA AGREGADA--NOMBRE PERSONAL
Nombre de persona Desmonts, Antonio,
Fechas asociadas al nombre 1942-
9 (RLIN) 160311
700 1# - ENTRADA AGREGADA--NOMBRE PERSONAL
Nombre de persona Llobera, José R.
9 (RLIN) 72796
830 0# - PUNTO DE ACCESO ADICIONAL DE SERIE-TÍTULO UNIFORME
Título uniforme Biblioteca Anagrama de antropología
9 (RLIN) 180934
852 ## - LOCALIZACIÓN
Ubicación ES-MaACL
Número de control de estantería E-8326
Sublocalización o colección R.92656
Existencias
Estatus retirado Estado de pérdida Estado de daño No para préstamo Biblioteca de origen Biblioteca actual Ubicación en estantería Fecha de adquisición Fuente de adquisición Total de préstamos Signatura topográfica completa Código de barras Visto por última vez Precio de reemplazo Tipo de ítem Koha
        Biblioteca del Ateneo de Madrid Biblioteca del Ateneo de Madrid Depósito 2 17/01/2008     E-8326 1091671 23/02/2023 23/02/2023 Libro impreso